• 首页
  • 本馆介绍
  • 公告通知
  • 最新文献
  • 馆藏检索
  • 电子资源
  • 读者导购
  • 参考咨询
  • 我的图书馆
  • 登录
  • 详细信息显示
  • 放入我的书架
  • 预约/预借图书
  • 作者相关作品
  • 分类相关作品
  • 丛书相关作品
  • 出版社相关作品

书目信息

  • 表格格式
  • 工作单格式
  • 卡片格式
题名:
吕思勉 隋唐五代史
    
 
作者: 吕思勉, 著
分册: 上  
出版信息: 长春   吉林出版集团股份有限公司  2017
页数: 423页
开本: 24cm
丛书名: 中国学术名著丛书
单 册:
中图分类: K240.7
科图分类:
主题词: 古代史--gu dai shi--研究--中国--隋唐时代 , 古代史--gu dai shi--研究--中国--五代
电子资源:
ISBN: 978-7-5581-1758-9
000 01184nam 2200301 45
001 012001009815
005 20191107141009.56
010    @a978-7-5581-1758-9@dCNY56.00
099    @aCAL 012017043102
100    @a20170401d2017 em y0chiy50 ea
101 0  @achi
102    @aCN@b220000
105    @ay z 000yy
106    @ar
200 1  @a吕思勉 隋唐五代史@Alv si mian sui tang wu dai shi@h上
210    @a长春@c吉林出版集团股份有限公司@d2017
215    @a423页@d24cm
225 2  @a中国学术名著丛书@Azhong guo xue shu ming zhu cong shu
300    @a典藏
307    @a上, 423页; 中, 425-869页; 下, 871-1291页
330    @a本书是吕思勉先生中国断代史系列著作的最后一部, 分上、中、下三部, 包括隋唐五代时期的王朝兴亡盛衰、各种重大历史事件的前因后果、政治史实的成败得失, 以及与少数民族的关系等内容, 采用新的纪事本末体, 叙述了社会经济、政治制度、民族疆域、文化学术等方面的发展情况。
410  0 @12001 @a中国学术名著丛书
606 0  @a古代史@Agu dai shi@x研究@y中国@z隋唐时代
606 0  @a古代史@Agu dai shi@x研究@y中国@z五代
690    @aK240.7@v5
701  0 @a吕思勉,@ALv Simian@f1884-1957@4著
801  2 @aCN@b上海新华@c20191020
905    @b1189576-8@dK240.7@e50:1@f3
    
    吕思勉 隋唐五代史.上.-长春:吉林出版集团股份有限公司,2017
    423页;24cm.-(中国学术名著丛书)
    典藏
    
    ISBN 978-7-5581-1758-9:CNY56.00
    本书是吕思勉先生中国断代史系列著作的最后一部, 分上、中、下三部, 包括隋唐五代时期的王朝兴亡盛衰、各种重大历史事件的前因后果、政治史实的成败得失, 以及与少数民族的关系等内容, 采用新的纪事本末体, 叙述了社会经济、政治制度、民族疆域、文化学术等方面的发展情况。
●
相关链接 在E读中查询图书 在五车中查询图书 在当当中查询图书 在豆瓣中查询图书


正题名:吕思勉 隋唐五代史     索取号:K240.7/50:1         预约/预借

序号 登录号 条形码 馆藏地/架位号 状态 备注
1 1189576   211895760   第二样本阅览室/ [索取号:K240.7/50:1] 在馆    
2 1189577   211895779   第二借阅区/ [索取号:K240.7/50:1] 在馆    
3 1189578   211895788   第二借阅区/ [索取号:K240.7/50:1] 在馆    
唐山师范学院图书馆 欢迎您!
大连网信软件有限公司© 版权所有